| 000 | 00732nam a22002297a 4500 | ||
|---|---|---|---|
| 005 | 20170124105936.0 | ||
| 010 | _a738107 | ||
| 020 | _c00.00 | ||
| 035 | _a738107 | ||
| 037 | _bCen Lib/Ret | ||
| 040 |
_aDPL _bEN |
||
| 082 |
_a235 _bPUS |
||
| 100 |
_a Kumar, Pushpendra _99833 |
||
| 245 |
_aSakti cult in ancient india : _cby Pushpendra Kumar _b with special reference to the puranic literature / |
||
| 260 |
_aVaranasi _bBharatiya Publishing House _c1974 |
||
| 270 |
_aB.9/45, Sonapura _bVaranasi |
||
| 300 |
_axviii,317p. : _c21cm(Hb) _bill |
||
| 500 | _aIncludes bibliographic references and index | ||
| 650 |
_aSpiritual beings _99834 |
||
| 650 |
_aHindu religion _99835 |
||
| 942 |
_2ddc _cEN _h235 _mPUS |
||
| 999 |
_c124221 _d124221 |
||